[Event "Osijek op 12th"]
[Site "Osijek"]
[Date "2019.02.21"]
[Round "2.1"]
[White "Grguric, Damir"]
[Black "Ivekovic, Bozidar1111"]
[Result "0-1"]
[WhiteElo "1991"]
[BlackElo "2398"]
[PlyCount "64"]
[EventDate "2019.02.21"]
[EventType "swiss"]
[EventRounds "7"]
[EventCountry "CRO"]
[SourceTitle "EXT 2023"]
[Source "ChessBase"]
[SourceDate "2022.10.05"]
[SourceVersion "1"]
[SourceVersionDate "2022.10.05"]
[SourceQuality "1"]

1. d4 d5 2. Nf3 Nf6 3. Bg5 Ne4 4. Bf4 e6 5. Nbd2 g5 6. Nxe4 gxf4 7. Ned2 c5 8. e4 fxe3 9. fxe3 Qb6 10. e4 Bg7 11. exd5 exd5 12. dxc5 Qxb2 13. Rb1 Qc3 14. Bb5+ Nc6 15. 0-0 Qxc5+ 16. Kh1 0-0 17. Qe1 Qxc2 18. Rb3 Bf5 19. Qg3 Bg6 20. h4 a6 21. Be2 Rfe8 22. Bd1 Qxa2 23. Rxb7 Qa3 24. Bb3 Na5 25. Rb6 Qc5 26. Rxg6 hxg6 27. Ba2 Rad8 28. h5 gxh5 29. Nh4 Qc3 30. Ndf3 Re4 31. Qg5 Qf6 32. Qxh5 Qh6 0-1

[Event "Osijek op"]
[Site "Osijek"]
[Date "2015.03.07"]
[Round "5"]
[White "Grguric, Damir"]
[Black "Lovakovic, Franjo"]
[Result "1-0"]
[WhiteElo "1995"]
[BlackElo "1894"]
[PlyCount "33"]
[EventDate "2015.03.05"]
[EventType "swiss"]
[EventRounds "7"]
[EventCountry "CRO"]
[SourceTitle "CBM 165 Extra"]
[Source "ChessBase"]
[SourceDate "2015.04.21"]
[SourceVersion "1"]
[SourceVersionDate "2015.04.21"]
[SourceQuality "1"]

1. d4 d5 2. c4 e6 3. Nc3 Nf6 4. Bg5 c6 5. e3 Nbd7 6. Nf3 Be7 7. Bd3 dxc4 8. Bxc4 b5 9. Bb3 Nd5 10. Bxe7 Nxe7 11. 0-0 Nf6 12. Rc1 Bb7 13. Ne5 Rc8 14. Nd3 Nd7 15. Ne4 Qc7 16. Ndc5 Nd5 17. Nxb7 1-0

[Event "CRO-chT2 East"]
[Site "Osijek"]
[Date "2013.10.12"]
[Round "7.63"]
[White "Majeric, Zoran"]
[Black "Grguric, Damir"]
[Result "1-0"]
[WhiteElo "2270"]
[BlackElo "1981"]
[PlyCount "75"]
[EventDate "2013.04.20"]
[EventType "team-tourn"]
[EventRounds "11"]
[EventCountry "CRO"]
[SourceTitle "EXT 2023"]
[Source "ChessBase"]
[SourceDate "2022.10.05"]
[SourceVersion "1"]
[SourceVersionDate "2022.10.05"]
[SourceQuality "1"]

1. e4 e6 2. d4 d5 3. Nc3 Nf6 4. Bg5 dxe4 5. Nxe4 Be7 6. Bxf6 Bxf6 7. Nf3 0-0 8. Qd2 b6 9. c3 Bb7 10. Bd3 Nd7 11. 0-0 c5 12. Rfe1 cxd4 13. Nxf6+ Qxf6 14. Nxd4 Rad8 15. f4 Qh6 16. Rad1 Nf6 17. f5 Qxd2 18. Rxd2 exf5 19. Bxf5 g6 20. Re7 Bd5 21. Bd3 Rfe8 22. Rxa7 Re1+ 23. Kf2 Rde8 24. h3 Ra1 25. Re2 Rxe2+ 26. Bxe2 Rxa2 27. Rxa2 Bxa2 28. Ke3 Kf8 29. c4 Bb1 30. Bf3 Ke7 31. Nb5 Bf5 32. Kd4 Bd7 33. Nc7 Ba4 34. b4 Kd6 35. Na8 Nd7 36. b5 Bc2 37. Bc6 Nb8 38. Bd5 1-0

[Event "Osijek Baranja CupT 5th"]
[Site "Nasice"]
[Date "2012.03.09"]
[Round "1.3"]
[White "Mesko, Andrej"]
[Black "Grguric, Damir"]
[Result "1/2-1/2"]
[WhiteElo "2021"]
[BlackElo "2013"]
[PlyCount "116"]
[EventDate "2012.03.09"]
[EventType "team-swiss"]
[EventRounds "5"]
[EventCountry "CRO"]
[SourceTitle "EXT 2014"]
[Source "ChessBase"]
[SourceDate "2013.11.20"]
[SourceVersion "1"]
[SourceVersionDate "2013.11.20"]
[SourceQuality "1"]

1. d4 e6 2. c4 f5 3. Nf3 Nf6 4. e3 Be7 5. Bd3 b6 6. Nc3 Bb7 7. Qe2 0-0 8. 0-0 Ne4 9. Nd2 d5 10. f3 Nxc3 11. bxc3 c5 12. Bb2 Nc6 13. Nb3 Qd7 14. e4 Rfe8 15. cxd5 exd5 16. exd5 Bf6 17. dxc6 Rxe2 18. cxd7 Rxb2 19. Bxf5 c4 20. Be6+ Kh8 21. Bxc4 Bc6 22. Be6 Rd8 23. Rf2 Rxf2 24. Kxf2 Bxd7 25. Bxd7 Rxd7 26. Re1 Kg8 27. Re2 Re7 28. Ke1 Rc7 29. Kd2 Kf7 30. Kd3 Be7 31. c4 h5 32. d5 h4 33. Re6 h3 34. gxh3 Rc8 35. Nd4 Rh8 36. Nf5 Bc5 37. Nd6+ Bxd6 38. Rxd6 Rxh3 39. Rd7+ Kf6 40. Ke3 Rxh2 41. Rxa7 Rc2 42. Kd3 Rf2 43. Ke4 Re2+ 44. Kf4 Rh2 45. Ra4 Rh4+ 46. Ke3 Kf5 47. Rb4 b5 48. Rxb5 Rxc4 49. Ra5 Rc3+ 50. Kf2 Kf4 51. d6 Rxf3+ 52. Ke2 Re3+ 53. Kd2 Re8 54. d7 Rd8 55. Rd5 Ke4 56. Rd3 g5 57. Ke2 Ke5 58. a4 Ke6 1/2-1/2

[Event "Osijek-ch op"]
[Site "Osijek"]
[Date "2012.02.25"]
[Round "5"]
[White "Grguric, Damir"]
[Black "Bastalic, Borko"]
[Result "1/2-1/2"]
[WhiteElo "2013"]
[BlackElo "1703"]
[PlyCount "115"]
[EventDate "2012.02.23"]
[EventType "swiss"]
[EventRounds "7"]
[EventCountry "CRO"]
[SourceTitle "EXT 2013"]
[Source "ChessBase"]
[SourceDate "2012.11.22"]
[SourceVersion "1"]
[SourceVersionDate "2012.11.22"]
[SourceQuality "1"]

1. d4 f5 2. c4 Nf6 3. g3 e6 4. Bg2 Be7 5. Nc3 0-0 6. Bg5 c5 7. d5 Nxd5 8. cxd5 Bxg5 9. Qb3 Qb6 10. Qc2 Bf6 11. Rd1 Na6 12. a3 d6 13. dxe6 Bxe6 14. Bd5 Bxc3+ 15. Qxc3 Bxd5 16. Rxd5 Qc6 17. Qf3 Nc7 18. Rd2 Qxf3 19. Nxf3 Rad8 20. e3 h6 21. h4 Kf7 22. h5 Kf6 23. Rg1 Ne6 24. Ke2 Ng5 25. Nh4 d5 26. g4 Ne4 27. Rc2 d4 28. Kd3 b5 29. Nxf5 Rfe8 30. exd4 c4+ 31. Ke2 Ng3+ 32. Kf3 Nxf5 33. gxf5 Rxd4 34. Rg6+ Kf7 35. a4 Re5 36. axb5 Rxb5 37. Ra6 Rxf5+ 38. Ke3 Rd7 39. Rxc4 Rxh5 40. Rf4+ Kg8 41. Rfa4 Rb5 42. Rxa7 Rxa7 43. Rxa7 Rxb2 44. Kf3 Kh7 45. Ra6 h5 46. Kg3 g6 47. f3 Kh6 48. Ra5 Rb1 49. Ra4 Rb6 50. Ra5 g5 51. Rf5 Kg6 52. Rf8 Rf6 53. Ra8 h4+ 54. Kg2 Re6 55. Rf8 Re7 56. Kh3 Rf7 57. Rxf7 Kxf7 58. f4 1/2-1/2

[Event "Osijek-ch op"]
[Site "Osijek"]
[Date "2012.02.23"]
[Round "2"]
[White "Djurovic, Goran"]
[Black "Grguric, Damir"]
[Result "1-0"]
[WhiteElo "2361"]
[BlackElo "2013"]
[PlyCount "69"]
[EventDate "2012.02.23"]
[EventType "swiss"]
[EventRounds "7"]
[EventCountry "CRO"]
[SourceTitle "EXT 2013"]
[Source "ChessBase"]
[SourceDate "2012.11.22"]
[SourceVersion "1"]
[SourceVersionDate "2012.11.22"]
[SourceQuality "1"]

1. c4 Nf6 2. Nc3 e6 3. e4 c5 4. Nf3 d6 5. d4 cxd4 6. Nxd4 a6 7. Be2 Nc6 8. Be3 d5 9. cxd5 exd5 10. Nxc6 bxc6 11. e5 Nd7 12. f4 Bc5 13. Qd2 Qb6 14. Bxc5 Nxc5 15. Rd1 Rb8 16. b3 Bf5 17. Qd4 h5 18. 0-0 a5 19. Rd2 h4 20. Rc1 Nd7 21. Na4 Qxd4+ 22. Rxd4 Rh6 23. Bf3 Rb5 24. g4 hxg3 25. hxg3 Nf8 26. Rd2 Rb4 27. Rc5 Be4 28. Kg2 g5 29. fxg5 Rg6 30. Rxa5 Rxg5 31. Nc5 Bxf3+ 32. Kxf3 Rf5+ 33. Kg2 Rxe5 34. Ra8+ Ke7 35. Rxf8 1-0

[Event "Osijek-ch op"]
[Site "Osijek"]
[Date "2011.02.27"]
[Round "7"]
[White "Grguric, Damir"]
[Black "Kristovic, Marijan"]
[Result "0-1"]
[WhiteElo "2009"]
[BlackElo "2328"]
[PlyCount "74"]
[EventDate "2011.02.24"]
[EventType "swiss"]
[EventRounds "7"]
[EventCountry "CRO"]
[SourceTitle "EXT 2012"]
[Source "ChessBase"]
[SourceDate "2011.11.24"]
[SourceVersion "1"]
[SourceVersionDate "2011.11.24"]
[SourceQuality "1"]

1. d4 Nf6 2. c4 e6 3. Nf3 b6 4. g3 Ba6 5. Qc2 Bb4+ 6. Bd2 Bxd2+ 7. Nbxd2 d5 8. Bg2 0-0 9. 0-0 c6 10. Rfe1 Nbd7 11. Rac1 Re8 12. e4 dxe4 13. Nxe4 Nxe4 14. Qxe4 Bb7 15. Ne5 Nxe5 16. Qxe5 Qd7 17. Rcd1 Red8 18. h4 Qd6 19. Qe3 Rd7 20. h5 h6 21. g4 Rad8 22. c5 Qe7 23. b4 bxc5 24. bxc5 Qf6 25. Rb1 Ba6 26. Bxc6 Rxd4 27. Be4 Bd3 28. Bxd3 Rxd3 29. Qe2 Rd2 30. Qe3 e5 31. Rb8 R2d4 32. Rxd8+ Qxd8 33. Qxe5 Rxg4+ 34. Kf1 Qd3+ 35. Re2 Rh4 36. c6 Rh1+ 37. Kg2 Qh3# 0-1

[Event "Osijek-ch op"]
[Site "Osijek"]
[Date "2011.02.24"]
[Round "2"]
[White "Grguric, Damir"]
[Black "Radulovic, Bojan"]
[Result "0-1"]
[WhiteElo "2009"]
[BlackElo "2216"]
[PlyCount "94"]
[EventDate "2011.02.24"]
[EventType "swiss"]
[EventRounds "7"]
[EventCountry "CRO"]
[SourceTitle "EXT 2012"]
[Source "ChessBase"]
[SourceDate "2011.11.24"]
[SourceVersion "1"]
[SourceVersionDate "2011.11.24"]
[SourceQuality "1"]

1. d4 d5 2. Nf3 Nf6 3. e3 e6 4. Bd3 Nbd7 5. 0-0 c5 6. c4 Be7 7. Nc3 0-0 8. b3 b6 9. Bb2 Bb7 10. Qc2 h6 11. cxd5 exd5 12. Rac1 Rc8 13. Qe2 cxd4 14. Nxd4 Bd6 15. Ncb5 Rxc1 16. Rxc1 Bb8 17. Nf5 Nc5 18. Bb1 a6 19. Nbd4 Qd7 20. Qf3 Nce4 21. Rd1 Bc8 22. Ng3 Qc7 23. Ndf5 Ng5 24. Qe2 Bxf5 25. Bxf5 Nfe4 26. Bxe4 dxe4 27. Rc1 Qd7 28. h4 Bxg3 29. hxg5 Bb8 30. gxh6 gxh6 31. Rd1 Qf5 32. g3 Kh7 33. Qc4 Rg8 34. Rd5 Qe6 35. Rd2 Qxc4 36. bxc4 Rc8 37. Rc2 Kg6 38. Kg2 Kf5 39. Bd4 Rc6 40. Rb2 Bc7 41. Rc2 h5 42. Kh3 h4 43. gxh4 Rg6 44. a4 Rc6 45. c5 Ke6 46. Rc3 Be5 47. h5 f5 0-1

[Event "CRO-chT3 West"]
[Site "Croatia"]
[Date "2010.10.24"]
[Round "9.55"]
[White "Oreskovic, Milan"]
[Black "Grguric, Damir"]
[Result "1/2-1/2"]
[WhiteElo "2011"]
[BlackElo "2006"]
[PlyCount "105"]
[EventDate "2010.03.27"]
[EventType "team-tourn"]
[EventRounds "9"]
[EventCountry "CRO"]
[SourceTitle "EXT 2012"]
[Source "ChessBase"]
[SourceDate "2011.11.24"]
[SourceVersion "1"]
[SourceVersionDate "2011.11.24"]
[SourceQuality "1"]

1. d4 d5 2. Nf3 Nf6 3. Bf4 e6 4. e3 Bd6 5. Bg5 Nbd7 6. c4 c6 7. c5 Be7 8. Bd3 h6 9. Bh4 b6 10. cxb6 axb6 11. 0-0 0-0 12. Nbd2 c5 13. Ne5 Qc7 14. Bg3 Bd6 15. f4 c4 16. Bc2 Ba6 17. Rf3 b5 18. Be1 b4 19. Rg3 c3 20. bxc3 bxc3 21. Nxd7 Qxd7 22. Nf3 Rac8 23. Ne5 Bxe5 24. dxe5 Ne8 25. Qh5 Kh8 26. Rd1 f5 27. exf6 Nxf6 28. Qe5 Qc6 29. e4 dxe4 30. Rxc3 Qb5 31. Bh4 Qxe5 32. Rxc8 Rxc8 33. fxe5 Rxc2 34. exf6 gxf6 35. Bxf6+ Kg8 36. a3 e3 37. Re1 e2 38. Be7 Kf7 39. Bb4 e5 40. Kf2 Rc6 41. Ke3 Ke6 42. g4 Kd5 43. h4 Rg6 44. Rg1 e4 45. g5 hxg5 46. hxg5 Ke5 47. Rc1 Bd3 48. Rc5+ Ke6 49. Kf4 Rg8 50. Rc6+ Kf7 51. Rf6+ Ke8 52. Rd6 Rf8+ 53. Ke5 1/2-1/2

[Event "Bizovac Metalis op 14th"]
[Site "Bizovac"]
[Date "2007.02.22"]
[Round "1"]
[White "Milanovic, Danilo"]
[Black "Grguric, Damir"]
[Result "1-0"]
[WhiteElo "2519"]
[BlackElo "2008"]
[PlyCount "51"]
[EventDate "2007.02.22"]
[EventType "swiss"]
[EventRounds "7"]
[EventCountry "CRO"]
[SourceTitle "CBM 116 Extra"]
[Source "ChessBase"]
[SourceDate "2007.03.07"]
[SourceVersion "1"]
[SourceVersionDate "2007.03.07"]
[SourceQuality "1"]

1. d4 Nf6 2. c4 g6 3. Nc3 d6 4. e4 Bg7 5. Be2 0-0 6. Nf3 Nc6 7. d5 Nb8 8. 0-0 e5 9. dxe6 Bxe6 10. Bg5 Nbd7 11. Nd4 a6 12. f4 h6 13. Bh4 g5 14. fxg5 hxg5 15. Bxg5 Qe8 16. Qd2 Nh7 17. Bh6 Qe7 18. Nd5 Bxd5 19. Bxg7 Bxe4 20. Bxf8 Rxf8 21. Rae1 Qg5 22. Qxg5+ Nxg5 23. h4 c5 24. Bg4 cxd4 25. Bxd7 Bd3 26. hxg5 1-0

[Event "Osijek op"]
[Site "Osijek"]
[Date "2007.02.12"]
[Round "6"]
[White "Grguric, Damir"]
[Black "Babic, Radoslav"]
[Result "0-1"]
[WhiteElo "2008"]
[BlackElo "2027"]
[PlyCount "70"]
[EventDate "2007.02.08"]
[EventType "swiss"]
[EventRounds "9"]
[EventCountry "CRO"]
[SourceTitle "CBM 116 Extra"]
[Source "ChessBase"]
[SourceDate "2007.03.07"]
[SourceVersion "1"]
[SourceVersionDate "2007.03.07"]
[SourceQuality "1"]

1. d4 d5 2. c4 dxc4 3. Nc3 e5 4. d5 Nf6 5. e4 Bc5 6. Bxc4 Ng4 7. Nh3 0-0 8. f3 Qh4+ 9. Ke2 Nf2 10. Nxf2 Qxf2+ 11. Kd3 Qd4+ 12. Kc2 Qxc4 13. b3 Qd4 14. Bd2 Bb6 15. Re1 Na6 16. a3 Nc5 17. Qe2 Na6 18. b4 Qf2 19. Qd3 Qxg2 20. Re2 Qg6 21. Rh1 Bd7 22. h4 Qd6 23. f4 Bg4 24. f5 h5 25. Rg2 f6 26. Rxg4 hxg4 27. Qg3 Rf7 28. Qxg4 Kf8 29. h5 Ke7 30. Rb1 c6 31. dxc6 bxc6 32. Qe2 Nc7 33. Na4 Nb5 34. Kb2 Rd8 35. Rd1 Qd3 0-1

[Event "Osijek op"]
[Site "Osijek"]
[Date "2004.02.04"]
[Round "5"]
[White "Grguric, Damir"]
[Black "Vukosavljevic, Ljubinko"]
[Result "1/2-1/2"]
[WhiteElo "1600"]
[BlackElo "2014"]
[PlyCount "105"]
[EventDate "2004.01.??"]
[EventType "swiss"]
[EventRounds "9"]
[EventCountry "CRO"]
[SourceTitle "EXT 2005"]
[Source "ChessBase"]
[SourceDate "2004.11.15"]
[SourceVersion "1"]
[SourceVersionDate "2004.11.15"]
[SourceQuality "1"]

1. e4 e5 2. Nf3 Nc6 3. Bb5 a6 4. Ba4 Nf6 5. 0-0 Be7 6. Re1 b5 7. Bb3 d6 8. h3 0-0 9. c3 a5 10. d4 Bb7 11. a4 bxa4 12. Bxa4 Nd7 13. d5 Ncb8 14. Be3 c5 15. Nbd2 Nb6 16. Qb3 Qc7 17. Nc4 Nxc4 18. Qxc4 Ba6 19. Bb5 Bxb5 20. Qxb5 Nd7 21. Reb1 Rfb8 22. Qe2 Rb3 23. Nd2 Rb7 24. Nc4 Rba7 25. Ra4 Nb6 26. Nxb6 Qxb6 27. Rba1 Bd8 28. b4 axb4 29. Rxa7 Rxa7 30. Rxa7 Qxa7 31. cxb4 Qa1+ 32. Kh2 cxb4 33. Qb5 Be7 34. Qxb4 Qa8 35. Bb6 Qc8 36. Qb5 f5 37. Qc6 Qf8 38. exf5 Qxf5 39. Qe8+ Bf8 40. Bc7 Qf7 41. Qxf7+ Kxf7 42. Kg3 Be7 43. Kf3 Kf6 44. Ke4 h5 45. g3 g6 46. f3 Kf7 47. g4 hxg4 48. hxg4 Ke8 49. Kd3 Kd7 50. Ba5 Bg5 51. Kc4 Be3 52. Kd3 Bc5 53. Kc4 1/2-1/2